000 01286nac a22002771i 4500
003 EG-ScBUE
005 20260120095035.0
008 260120s1990 enka f b 001 0 eng d
020 _a9780080402819
020 _a008040281X
040 _aEG-ScBUE
_beng
_erda
_cEG-ScBUE
_dEG-ScBUE
082 0 4 _a551.0285
_bKOC
_222
100 1 _aKoch, George S.,
_eauthor.
245 1 0 _aGeological problem solving with LOTUS 1-2-3 for exploration and mining geology (with programs on diskette) /
_cGeorge S. Koch, Jr., University of Georgia.
264 1 _aOxford ;
_aNew York :
_bPergamon Press,
_c1990.
300 _axv, 208 pages :
_billustrations ;
_c24 cm
336 _2rdacontent
_atext
_btxt
337 _aunmediated
_2rdamedia
_bn
338 _avolume
_bnc
_2rdacarrier
500 _aSystem requirements for computer disk: IBM PC or compatible computer; 1-2-3 (version 2.01 or later); 1-2 disk drives or hard disk; graphics card (preferable); monitor to display graphs and printer to make hard copies of them (desirable).
504 _aIncludes bibliographical references and index.
650 7 _aProspecting
_xStatistical methods
_xData processing.
_2BUEsh
650 7 _aMining geology
_xStatistical methods
_xData processing.
_2BUEsh
655 _vReading book
942 _cBB
_2ddc
999 _c5782
_d5782